| 000 | 00505nam a2200157Ia 4500 | ||
|---|---|---|---|
| 005 | 20250508155917.0 | ||
| 008 | 008 250505s9999 xx 000 0 eng d | ||
| 037 | _aBooks to be hide in OPAC | ||
| 040 |
_aFEDL _beng _cFEDL |
||
| 041 |
_aeng _2eng |
||
| 084 |
_a372.541 42, CAL/O _qFEDL |
||
| 245 | 0 | _aPath-suchi: Prathomic vidyalay buniyadi purbabhagh | |
| 260 |
_aCalcutta, India _bPaschim Banga Siksha Adhikar _c1950 |
||
| 942 |
_cHB _h372.541 42, CAL/O |
||
| 999 |
_c1360030 _d1360030 |
||